| 000 | 01284cam a2200229 4500 | ||
|---|---|---|---|
| 001 | ABS63427 | ||
| 008 | 000000n2001 000 0 eng u | ||
| 035 | _a(Sirsi) u110744 | ||
| 100 | _aHamson, L. | ||
| 245 | _aOn the record | ||
| 260 | _c2001 | ||
| 490 |
_aProperty Week _v66(4) 26 January 2001, 90-91(2) |
||
| 520 | _aDiscusses a new voluntary scheme which encourages landowners to keep a full standardised record of the condition, including possible contamination, of their land. It is hoped that the use of the Standard Land Condition Record (LCR), which will provide potential buyers with a logbook giving details of the property's history, will increase investors confidence in the development of brownfield sites. Despite backing from the RICS and a number of other institutions, however, concerns are expressed; that the scheme will remain voluntary, the need for better training of surveyors, how the scheme will interact with existing programmes and the burden administration of the LCR will place on the property industry. | ||
| 590 | _aABS | ||
| 650 | _aBROWNFIELD LAND | ||
| 650 | _aCONTAMINATED LAND | ||
| 650 | _aLAND CONDITION RECORDS | ||
| 650 | _aLAND CONDITION REGISTER | ||
| 650 | _aLANDOWNERS | ||
| 690 | _aENVIRONMENT-CONTAMINATION | ||
| 942 | _n0 | ||
| 999 |
_c66007 _d66007 |
||